Départements plus peuplés que leurs voisins - Statistiques

Statistiques générales
  • Ce quiz a été pris 9 871 fois
    9 778 depuis la dernière actualisation
  • Le résultat moyen est 11 sur 18
Statistiques - réponses
Départements % Correct
Paris
93%
Nord
85%
Bouches-du-Rhône
83%
Rhône
82%
Gironde
78%
Bas-Rhin
74%
Finistère
66%
Loire-Atlantique
65%
Alpes-Maritimes
63%
Haute-Garonne
59%
Hérault
56%
Haute-Corse
46%
Calvados
43%
Pyrénées-Atlantiques
43%
Seine-Maritime
42%
Haute-Savoie
41%
Pyrénées-Orientales
39%
Doubs
34%
Aucun quiz correspondant
Distribution des résultats
% des personnes avec chaque résultat
Percentile par nombre de réponses
Votre historique - résultats
Vous n’avez pas pris ce quiz depuis la dernière actualisation